000
00304nam a22001337a 4500
020
_a
9789693710601
040
_c
NUST
082
_a
297.7 KHA
100
_a
Zafarullah Khan
_9
113017
245
_a
Kitab Uz Zuhud
260
_a
Islamabad:
_b
Emel Publication,
_c
2017.
650
_a
Islam
942
_2
ddc
_c
BK
999
_c
594925
_d
594925